000 00610cab a2200193 4500
001 WB2626-36
008 090401t1990 xxu||||| |||| 00| 0 eng d
035 _a(Sirsi) u3318
041 _aeng
245 _aWest country clay tips
260 _c1990
350 _a0
490 _aPlanning (for the Natural and Built Environment)
_vno 875 29/6/90 p29
520 _aThe DoE has appointed Wardell Armstrong as consultants to review the procedures of landscaping and revegetation of china clay waste tips .
650 _aLAND RECLAMATION
690 _aMINING AND MINERALS
942 _n0
948 _c04/03/1997
999 _c2030
_d2030